00596nam a2200193Ia 4500008004100000020001700041040001400058082002100072100002700093245003200120250001100152260003600163365002800199366000800227505002000235620008300255630003200338730003200370100315s9999 xx 000 0 und d a8171944159  cENGLISH  b5627 a343.05  a"Singhania, Vinod K. " aDirect Taxes Ready Reckoner a29th  aNew Delhi bTaxmann  c2006  eRupees d1 b440.00  f0  gTushar Jadhav  a"Study of direct taxes, Income tax,Tax Tables, Tax Tables of past ten years " aDirect Taxes Ready Reckoner aDirect Taxes Ready Reckoner